000 00995nam a22002534a 4500
001 UTEA
005 20251006092838.0
006 g||||gr||||||01 nz
007 ta
008 250929b es ||||| |||| 00| 0 spa d
020 _a9788426737496
040 _aUTEA
041 _aspa
082 _a620.112
_bA44 2024
100 _aAlemán Ramírez Tomás Wilson
_eautor
245 _aResistencia de materiales :
_bpara estudiantes de ingeniería civil /
_cTomás Wilson Alemán Ramirez
_h[Texto Impreso]
250 _a1a edición
260 _aEspaña;
_bEditorial marcombo;
_c2024
300 _a578 páginas;
_bFiguras;
_c14 x 25 cm.
505 _aTensión simple -- Deformación simple -- Momento de torsión -- Tensión en vigas -- Deformación en vigas -- Vigas Hiperestáticas continuas -- Esfuerzos confinados -- Estabilidad en columnas.
650 _aRESISTENCIA DE MATERIALES
_922328
650 _aTENSIÓN SIMPLE
_959590
942 _2ddc
_cBK
_e2025-10-06
_zMag. Cecilio Flores Noa
999 _c17408
_d17408